<?xml version="1.0" encoding="UTF-8"?>
<record
    xmlns:xsi="http://www.w3.org/2001/XMLSchema-instance"
    xsi:schemaLocation="http://www.loc.gov/MARC21/slim http://www.loc.gov/standards/marcxml/schema/MARC21slim.xsd"
    xmlns="http://www.loc.gov/MARC21/slim">

  <leader>00967nam a22002537a 4500</leader>
  <controlfield tag="003">OSt</controlfield>
  <controlfield tag="005">20220209114023.0</controlfield>
  <controlfield tag="008">220117b        |||||||| |||| 00| 0 eng d</controlfield>
  <datafield tag="020" ind1=" " ind2=" ">
    <subfield code="a">T231</subfield>
  </datafield>
  <datafield tag="040" ind1=" " ind2=" ">
    <subfield code="c">STCPL</subfield>
  </datafield>
  <datafield tag="041" ind1=" " ind2=" ">
    <subfield code="a">ENG</subfield>
  </datafield>
  <datafield tag="082" ind1=" " ind2=" ">
    <subfield code="a">894.812 </subfield>
    <subfield code="b">ABH-A</subfield>
  </datafield>
  <datafield tag="100" ind1=" " ind2=" ">
    <subfield code="a">Abhilash Dominic</subfield>
  </datafield>
  <datafield tag="110" ind1=" " ind2=" ">
    <subfield code="a">Guided by Thomas Scaria</subfield>
  </datafield>
  <datafield tag="111" ind1=" " ind2=" ">
    <subfield code="a">Mahatma Gandhi University Kottayam, Research and Post Graduate Department of Malayalam, St Thomas College Palai</subfield>
  </datafield>
  <datafield tag="245" ind1=" " ind2=" ">
    <subfield code="a">Akhyanathinte prathyayasasthravivakshkal - C.V. Sreramante kathakalil / </subfield>
    <subfield code="c">by Abhilash Dominic </subfield>
    <subfield code="h">&#xD06;&#xD16;&#xD4D;&#xD2F;&#xD3E;&#xD28;&#xD24;&#xD4D;&#xD24;&#xD3F;&#xD28;&#xD4D;&#xD31;&#xD46; &#xD2A;&#xD4D;&#xD30;&#xD24;&#xD4D;&#xD2F;&#xD2F;&#xD36;&#xD3E;&#xD38;&#xD4D;&#xD24;&#xD4D;&#xD30;&#xD35;&#xD3F;&#xD35;&#xD15;&#xD4D;&#xD37;&#xD15;&#xD7E; - &#xD38;&#xD3F;.&#xD35;&#xD3F;. &#xD36;&#xD4D;&#xD30;&#xD40;&#xD30;&#xD3E;&#xD2E;&#xD28;&#xD4D;&#xD31;&#xD46; &#xD15;&#xD25;&#xD15;&#xD33;&#xD3F;&#xD7D; </subfield>
  </datafield>
  <datafield tag="260" ind1=" " ind2=" ">
    <subfield code="a">Pala :</subfield>
    <subfield code="c">March 2019</subfield>
  </datafield>
  <datafield tag="300" ind1=" " ind2=" ">
    <subfield code="a">358 p.</subfield>
    <subfield code="b">HB</subfield>
  </datafield>
  <datafield tag="650" ind1=" " ind2=" ">
    <subfield code="a">Malayalam</subfield>
  </datafield>
  <datafield tag="856" ind1=" " ind2=" ">
    <subfield code="u">https://shodhganga.inflibnet.ac.in/handle/10603/273389</subfield>
  </datafield>
  <datafield tag="942" ind1=" " ind2=" ">
    <subfield code="c">THE</subfield>
  </datafield>
  <datafield tag="942" ind1=" " ind2=" ">
    <subfield code="n">0</subfield>
    <subfield code="2">ddc</subfield>
  </datafield>
  <datafield tag="942" ind1=" " ind2=" ">
    <subfield code="2">ddc</subfield>
    <subfield code="n">0</subfield>
  </datafield>
  <datafield tag="999" ind1=" " ind2=" ">
    <subfield code="c">75523</subfield>
    <subfield code="d">75523</subfield>
  </datafield>
  <datafield tag="952" ind1=" " ind2=" ">
    <subfield code="0">0</subfield>
    <subfield code="1">0</subfield>
    <subfield code="2">ddc</subfield>
    <subfield code="4">0</subfield>
    <subfield code="7">0</subfield>
    <subfield code="8">MAL</subfield>
    <subfield code="a">STCPL</subfield>
    <subfield code="b">STCPL</subfield>
    <subfield code="c">THE</subfield>
    <subfield code="d">2022-01-17</subfield>
    <subfield code="l">0</subfield>
    <subfield code="o">894.812 ABH-A</subfield>
    <subfield code="p">T231</subfield>
    <subfield code="r">2022-01-17 00:00:00</subfield>
    <subfield code="w">2022-01-17</subfield>
    <subfield code="y">THE</subfield>
  </datafield>
</record>
